000 00315nam a2200133Ia 4500
003 OSt
005 20240110112842.0
008 170523s9999 xx 000 0 und d
020 _a9788189866990
040 _cIIMYU
100 _akarkare manasi
245 0 _ananotechnology fundamental application
942 _2ddc
_c02
999 _c11280
_d11280